[Event "Let's Play Chess!"]
[Site "http://www.queenalice.com/game.php?id=595285"]
[Date "2009.5.29"]
[Round "-"]
[White "Lx_"]
[Black "baudkin"]
[Result "0-1"]
[WhiteElo "1904"]
[BlackElo "2081"]

1. e4 d6 2. d4 g6 3. c4 Bg7 4. Nc3 e5 5. Be3 exd4 6. Bxd4 Nf6 7. f3 Nc6 8. Be3
O-O 9. a3 Be6 10. Bd3 Ne5 11. b3 Nfd7 12. Nge2 Qh4+ 13. Bf2 Qg5 14. Ng3 Nxf3+
15. gxf3 Bxc3+ 16. Ke2 Bxa1 17. Qxa1 Ne5 18. Be3 Qh4 19. Bc2 a5 20. a4 c6 21. c5
Qf6 0-1

[Event "baudkin"]
[Site "http://www.queenalice.com/game.php?id=605097"]
[Date "2009.6.17"]
[Round "2"]
[White "trompmaster"]
[Black "baudkin"]
[Result "0-1"]
[WhiteElo "2151"]
[BlackElo "2090"]

1. d3 g6 2. g3 Bg7 3. Bg2 Nc6 4. e4 d6 5. c3 f5 6. Ne2 e5 7. f4 fxe4 8. dxe4 Nf6
9. h3 Nh5 10. O-O Be6 11. Na3 exf4 12. gxf4 Qh4 13. Rf3 Rf8 14. Qf1 O-O-O 15.
Bd2 Bh6 16. Be1 Qf6 17. Bd2 Qh4 18. Be3 Ne5 19. fxe5 Bxe3+ 20. Kh1 Bf4 21. exd6
Rxd6 22. Nb5 Rd2 23. Nbd4 Bg4 24. Qe1 Qxe1+ 25. Rxe1 Bxf3 26. Bxf3 Ng3+ 27. Nxg3
Bxg3 28. Rb1 Rxd4 29. Bg4+ Rd7 30. Kg2 Bd6 31. Rd1 Rf7 32. e5 Bxe5 33. Rxd7 Rxd7
34. Kf3 Kd8 35. Bxd7 Kxd7 36. Ke4 Ke6 37. Kd3 g5 38. b3 h5 39. c4 g4 0-1

[Event "AUTO-OPEN-1486"]
[Site "http://www.queenalice.com/game.php?id=619706"]
[Date "2009.7.16"]
[Round "2"]
[White "baudkin"]
[Black "Mannu"]
[Result "1/2-1/2"]
[WhiteElo "1982"]
[BlackElo "1944"]

1. c4 c6 2. g3 Nf6 3. Bg2 e5 4. d4 d6 5. Nc3 Be7 6. e4 Bg4 7. Nge2 O-O 8. Be3
exd4 9. Bxd4 c5 10. Be3 Nc6 11. O-O Ne5 12. b3 Bf3 13. Bxf3 Nxf3+ 14. Kg2 Ne5
15. f4 Neg4 16. Bd2 Nd7 17. Ng1 Ngf6 18. Nf3 Qc7 19. e5 1/2-1/2

[Event "AUTO-OPEN-1486"]
[Site "http://www.queenalice.com/game.php?id=619707"]
[Date "2009.7.16"]
[Round "2"]
[White "Mannu"]
[Black "baudkin"]
[Result "0-1"]
[WhiteElo "1976"]
[BlackElo "2018"]

1. e4 g6 2. Nf3 Bg7 3. Bc4 d6 4. d3 Nf6 5. Nc3 e5 6. Bg5 O-O 7. O-O Nc6 8. Nd5
Be6 9. Nxf6+ Bxf6 10. Bh6 Re8 11. Bxe6 Rxe6 12. c3 d5 13. Qb3 d4 14. Rac1 dxc3
15. Rxc3 g5 16. Qxb7 Rb8 17. Qa6 Nd4 0-1

[Event "baudkin"]
[Site "http://www.queenalice.com/game.php?id=625281"]
[Date "2009.7.27"]
[Round "3"]
[White "baudkin"]
[Black "astrologo"]
[Result "1-0"]
[WhiteElo "2108"]
[BlackElo "2155"]

1. c4 e5 2. g3 Nf6 3. Bg2 c6 4. d4 exd4 5. Qxd4 Be7 6. Nc3 O-O 7. e4 d6 8. Nge2
Nbd7 9. O-O Ne5 10. b3 Bg4 11. f3 Be6 12. f4 c5 13. Qd2 Nc6 14. Nd5 Bxd5 15.
cxd5 Nb4 16. a3 Na6 17. e5 Ne8 18. Bb2 Rc8 19. Be4 g6 20. Qc3 b5 21. f5 dxe5 22.
fxg6 fxg6 23. Qxe5 Bf6 24. Qe6+ Kg7 25. Rxf6 Rxf6 26. Qxa6 Nd6 27. Bxf6+ Qxf6
28. Qxa7+ Kh6 29. Rf1 Qb2 30. Bd3 Qd2 31. Nf4 c4 32. Ne6 Qc3 33. Qe3+ 1-0

[Event "Challenge"]
[Site "http://www.queenalice.com/game.php?id=763259"]
[Date "2010.4.19"]
[Round "-"]
[White "baudkin"]
[Black "Fafner"]
[Result "1-0"]
[WhiteElo "1937"]
[BlackElo "1984"]

1. c4 Nf6 2. g3 d6 3. Bg2 g6 4. Nc3 Bg7 5. d3 O-O 6. Bg5 c6 7. Qd2 Re8 8. e4 e5
9. Nge2 Be6 10. O-O Nbd7 11. b4 Qc7 12. f4 Qb6+ 13. Kh1 h6 14. f5 hxg5 15. fxe6
Rxe6 16. Qxg5 Nh7 17. Qd2 Nhf6 18. Bh3 Re7 19. a3 a6 20. g4 Nh7 21. g5 f6 22.
Bxd7 Rxd7 23. gxf6 Bxf6 24. Qh6 Rg7 25. Rf3 Bg5 26. Qh3 Re8 27. Raf1 Qc7 28. Nd1
Qe7 29. Nf2 Rf7 30. Rxf7 Qxf7 31. Ng4 Qe6 32. Qg3 Kg7 33. h4 Bd8 34. h5 Bg5 35.
Rf2 gxh5 36. Nf6 Rf8 37. Nxh5+ Kh6 38. Rh2 Kg6 39. Qg2 Nf6 40. Nhf4+ 1-0

[Event "Challenge"]
[Site "http://www.queenalice.com/game.php?id=763261"]
[Date "2010.4.19"]
[Round "-"]
[White "Fafner"]
[Black "baudkin"]
[Result "0-1"]
[WhiteElo "1966"]
[BlackElo "1955"]

1. f4 g6 2. Nf3 Bg7 3. e3 b6 4. Be2 Bb7 5. O-O e6 6. Nc3 Ne7 7. d4 O-O 8. g4 d5
9. Qe1 Ba6 10. h4 Bxe2 11. Nxe2 c5 12. h5 gxh5 13. gxh5 Nf5 14. c3 Nd7 15. Kh2
Nf6 16. Ng3 Nxg3 17. Qxg3 Nxh5 18. Qh3 Nf6 19. Bd2 Ne4 20. Rg1 Qf6 21. Be1 Kh8
22. Ng5 Nxg5 23. Rxg5 Qh6 24. Rh5 Qg6 25. Bf2 Qc2 26. Rg1 Qxf2+ 27. Rg2 Qxg2+
28. Qxg2 h6 29. f5 exf5 30. Qxd5 f4 31. dxc5 fxe3 32. Kg2 Rad8 33. Qc4 Rd2+ 34.
Kf3 Re8 35. Rh1 Rf2+ 36. Kg4 Be5 37. Kh3 e2 0-1

[Event "Challenge"]
[Site "http://www.queenalice.com/game.php?id=777397"]
[Date "2010.5.18"]
[Round "-"]
[White "Fafner"]
[Black "baudkin"]
[Result "1/2-1/2"]
[WhiteElo "1899"]
[BlackElo "1986"]

1. b3 e5 2. Bb2 d6 3. e4 Nf6 4. Nc3 Nc6 5. Nf3 Be7 6. Bc4 Na5 7. Qe2 Nxc4 8.
Qxc4 O-O 9. O-O-O a6 10. h3 b5 11. Qe2 c5 12. g4 b4 13. Nd5 Nd7 14. h4 a5 15. g5
a4 16. Nxe7+ Qxe7 17. h5 f6 18. Rdg1 Qe6 19. Nh4 axb3 20. axb3 Ra7 21. Ng6 Rf7
22. f4 f5 23. fxe5 dxe5 24. exf5 Rxf5 25. Nh4 Rf8 26. g6 h6 27. Rf1 Rxf1+ 28.
Rxf1 Ba6 29. d3 Ra8 30. Qe4 Re8 31. Rf5 Bb5 32. Qf3 Bc6 33. Qf2 Bd5 34. Rf7 Re7
35. Rxe7 Qxe7 36. Qg3 Qe6 37. Ng2 Qf5 38. Ne3 Qf3 39. Bxe5 Qxg3 40. Bxg3 Bf3 41.
Nc4 Bxh5 42. Ne5 Nf8 43. Bf2 Bxg6 44. Bxc5 Ne6 45. Bxb4 Be8 46. c3 h5 47. Kd2 h4
48. Ke3 Bh5 49. Be7 h3 50. Kf2 Nf4 51. Kg3 Ne2+ 52. Kxh3 Nxc3 53. d4 Nd5 54. Bc5
g5 55. b4 Be2 56. Kg3 Kg7 57. Nc6 Kf6 58. Na7 Nc3 59. Nc8 Ne4+ 60. Kg2 Ke6 61.
Nb6 g4 62. d5+ Ke5 63. Be7 Ba6 64. Bh4 Bb7 65. Kh2 Bxd5 66. Nxd5 1/2-1/2

[Event "Challenge"]
[Site "http://www.queenalice.com/game.php?id=777398"]
[Date "2010.5.18"]
[Round "-"]
[White "baudkin"]
[Black "Fafner"]
[Result "1-0"]
[WhiteElo "1971"]
[BlackElo "1936"]

1. f4 e5 2. fxe5 d6 3. exd6 Bxd6 4. Nf3 g5 5. g3 Nc6 6. Bg2 Bd7 7. O-O Qe7 8.
Nc3 O-O-O 9. Nd5 Qe8 10. Nxg5 Be6 11. e3 h6 12. Qh5 f6 13. Qxe8 Rxe8 14. Nxf6
Nxf6 15. Nxe6 Rxe6 16. Bh3 1-0